5HLuxD.jpg

KING HENRY VIII SENIOR AND PRIMARY SCHOOL LIBRARY OPAC

A midsummer night's dream / (Record no. 1644)

000 -LEADER
fixed length control field 01556cam a2200409 4500
001 - CONTROL NUMBER
control field 1615210
003 - CONTROL NUMBER IDENTIFIER
control field OSt
005 - DATE AND TIME OF LATEST TRANSACTION
control field 20230117075535.0
008 - FIXED-LENGTH DATA ELEMENTS--GENERAL INFORMATION
fixed length control field 180213s2017 enka j 000 1 eng d
020 ## - INTERNATIONAL STANDARD BOOK NUMBER
International Standard Book Number 9781474927840
Qualifying information (pbk.) :
035 ## - SYSTEM CONTROL NUMBER
System control number (OCoLC)1027164167
040 ## - CATALOGING SOURCE
Original cataloging agency KML
Language of cataloging eng
Transcribing agency KML
Modifying agency NTBC
-- KH8
Description conventions ccr
041 0# - LANGUAGE CODE
Language code of text/sound track or separate title eng
042 ## - AUTHENTICATION CODE
Authentication code nbic
082 0# - DEWEY DECIMAL CLASSIFICATION NUMBER
Classification number 428.6 MAC
100 1# - MAIN ENTRY--PERSONAL NAME
Personal name Mackinnon, Mairi,
Relator term author.
245 12 - TITLE STATEMENT
Title A midsummer night's dream /
Statement of responsibility, etc. retold by Mairi Mackinnon ; illustrated by Simona Bursi.
260 ## - PUBLICATION, DISTRIBUTION, ETC.
Place of publication, distribution, etc. London :
Name of publisher, distributor, etc. Usborne Publishing Ltd.,
Date of publication, distribution, etc. 2017.
300 ## - PHYSICAL DESCRIPTION
Extent 1 volume. 47 pages :
Other physical details colour illustrations ;
Dimensions 24 cm.
490 1# - SERIES STATEMENT
Series statement Usborne English readers. Level 3.
500 ## - GENERAL NOTE
General note "From the play by William Shakespeare"--Cover.
500 ## - GENERAL NOTE
General note "With activities and free audio"--Cover.
500 ## - GENERAL NOTE
General note Audio accessed by scanning a QR code on the back cover.
600 00 - SUBJECT ADDED ENTRY--PERSONAL NAME
Personal name Theseus,
Titles and other words associated with a name King of Athens
Form subdivision Juvenile fiction.
600 00 - SUBJECT ADDED ENTRY--PERSONAL NAME
Personal name Hippolyta
Titles and other words associated with a name (Greek mythological character)
Form subdivision Juvenile fiction.
650 #0 - SUBJECT ADDED ENTRY--TOPICAL TERM
Topical term or geographic name entry element Readers (Primary)
650 #0 - SUBJECT ADDED ENTRY--TOPICAL TERM
Topical term or geographic name entry element English language
General subdivision Reading comprehension.
650 #0 - SUBJECT ADDED ENTRY--TOPICAL TERM
Topical term or geographic name entry element English language
General subdivision Study and teaching (Primary)
650 #0 - SUBJECT ADDED ENTRY--TOPICAL TERM
Topical term or geographic name entry element Man-woman relationships
Form subdivision Juvenile fiction.
650 #0 - SUBJECT ADDED ENTRY--TOPICAL TERM
Topical term or geographic name entry element Courtship
Form subdivision Juvenile fiction.
650 #0 - SUBJECT ADDED ENTRY--TOPICAL TERM
Topical term or geographic name entry element Fairies
Form subdivision Juvenile fiction.
651 #0 - SUBJECT ADDED ENTRY--GEOGRAPHIC NAME
Geographic name Athens (Greece)
Form subdivision Juvenile fiction.
700 1# - ADDED ENTRY--PERSONAL NAME
Personal name Bursi, Simona,
Relator term author.
700 1# - ADDED ENTRY--PERSONAL NAME
Personal name Shakespeare, William,
Dates associated with a name 1564-1616.
Title of a work Midsummer night's dream.
830 #0 - SERIES ADDED ENTRY--UNIFORM TITLE
Uniform title Usborne English readers.
Number of part/section of a work Level 3.
942 ## - ADDED ENTRY ELEMENTS (KOHA)
Source of classification or shelving scheme
Koha item type Books - Non Ficton
Holdings
Withdrawn status Lost status Source of classification or shelving scheme Damaged status Not for loan Collection code Permanent Location Current Location Shelving location Date acquired Total Checkouts Total Renewals Full call number Barcode Date last seen Date last checked out Price effective from Koha item type
          Non-Fiction KH8 Primary School Library KH8 Primary School Library Non Fiction 2023-01-17 23 1 428.6 MAC KHPL000003403 2026-03-03 2025-01-16 2023-01-17 Books - Non Ficton

Powered By KH8 IT Dept